Notre Dame Piccolos 2009-2010 Quiz Stats

 Plays Quiz not verified by Sporcle

Also try: Names with 'The'
Challenge
Share
Tweet
Embed
Score 0/47 Timer 10:00
0 Plays Today
Piccs % Correct
Derryl Miller
47.6%
Mara Cole
45.1%
Molly White
43.3%
Marissa Henry
41.5%
Laura Taylor
41.5%
Adriana Taylor
40.2%
Colleen Coley
39.6%
Lizzie Schwegman
39.6%
Joe Sheehan
39.6%
Sam Swanson
38.4%
Angela Ginocchio
37.8%
Alice Harada
37.2%
Caitlin O'Neill
36.6%
Carlene Koken
36%
Julie Menold
35.4%
Katie Santella
35.4%
Stephanie Sieswerda
35.4%
Julian Kim
34.1%
Kathryn Murphy
34.1%
Cat Samson
34.1%
Anne Witt
34.1%
Meagan Drone
32.9%
Nicole Gill
32.3%
Alyssa Krauss
32.3%
Piccs % Correct
Lauren Schilling
31.7%
Kathleen Arens
31.1%
Megan Reece
31.1%
Kelly Werner
31.1%
Krystal Brady
30.5%
Kate Newhart
30.5%
Amelia McCready
29.9%
Meagan Temple
29.9%
Catherine Groden
29.3%
Shelley Kornatz
29.3%
Stephanie Villarreal
28%
Kelly Clune
27.4%
Molly Herber
27.4%
Chris Stutts
27.4%
Amanda Garrett
26.8%
Melanie LeMay
26.8%
Jennifer Prather
26.8%
Erin Cain
26.2%
Allison Savitsky
26.2%
Leah Coming
25%
Emily Norris
25%
Gaby Elizondo
24.4%
Erin Malter
21.3%

You're not logged in!

Compare scores with friends on all Sporcle quizzes.
OR
Log In

You Might Also Like...

Show Comments

Extras

Created Jan 5, 2010ReportNominate
Tags:dame, Notre Dame, piccolo, section

Top Quizzes Today


Score Distribution

Your Account Isn't Verified!

In order to create a playlist on Sporcle, you need to verify the email address you used during registration. Go to your Sporcle Settings to finish the process.

Report this User

Report this user for behavior that violates our Community Guidelines.

Details: